| 000 | 01259cam a22003254a 4500 | ||
|---|---|---|---|
| 001 | 12758029 | ||
| 003 | ARRUPE | ||
| 005 | 20140423180147.0 | ||
| 008 | 020427s2003 njuabf b 001 0 eng | ||
| 010 | _a 2002070943 | ||
| 020 | _a0130991678 (pbk.) | ||
| 040 |
_aDLC _cDLC _dDLC |
||
| 042 | _apcc | ||
| 050 | 0 | 0 |
_aBX1751.3 _b.C48 2003 |
| 082 | 0 | 0 |
_a230/.2 _221 |
| 100 |
_aCory, Catherine A. _99971 |
||
| 245 | 0 | 4 |
_aThe Christian theological tradition / _cgeneral editors, Catherine A. Cory, David T. Landry ; contributors: Catherine A. Cory ... [et al.]. |
| 250 | _a2nd ed. | ||
| 260 |
_aUpper Saddle River, N.J. : _bPrentice Hall, _cc2003. |
||
| 300 |
_axi, 436 p., [8] p. of plates : _bill. (some col.), maps ; _c24 cm. |
||
| 504 | _aIncludes bibliographical references and index. | ||
| 610 | 2 | 0 |
_aCatholic Church _xDoctrines _xHistory. _99972 |
| 650 | 0 |
_aTheology, Doctrinal _xHistory. _99973 |
|
| 650 | 0 |
_aChristian education _vTextbooks for young adults _xCatholic. _99974 |
|
| 700 | 1 |
_aCory, Catherine A. _99975 |
|
| 700 | 1 |
_aLandry, David T. _99976 |
|
| 906 |
_a7 _bcbc _corignew _d1 _eocip _f20 _gy-gencatlg |
||
| 942 |
_2lcc _cMONOGRAPH |
||
| 999 |
_c120438 _d120438 |
||